Organización y control de empresas (Registro nro. 2171)

Detalles MARC
000 -LEADER
fixed length control field 01919 a2200241 4500
001 - CONTROL NUMBER
control field 31346
005 - DATE AND TIME OF LATEST TRANSACTION
control field 20260407155619.0
008 - FIXED-LENGTH DATA ELEMENTS--GENERAL INFORMATION
fixed length control field 260407a1968 arg spa d
003 - CONTROL NUMBER IDENTIFIER
control field AR-UNSa-BCEJYS
040 ## - CATALOGING SOURCE
Original cataloging agency AR-UNSa-BCEJYS
Language of cataloging spa
Transcribing agency AR-UNSa-BCEJYS
080 ## - UNIVERSAL DECIMAL CLASSIFICATION NUMBER
Universal Decimal Classification number 658
Common auxiliary subdivision Administración de empresas. Organización comercial
100 1# - MAIN ENTRY--PERSONAL NAME
Personal name Perel, Vicente L.
245 10 - TITLE STATEMENT
Title Organización y control de empresas
250 ## - EDITION STATEMENT
Edition statement 2a. ed
264 #1 - PRODUCTION, PUBLICATION, DISTRIBUTION, MANUFACTURE, AND COPYRIGHT NOTICE
Place of production, publication, distribution, manufacture Buenos Aires :
Name of producer, publisher, distributor, manufacturer Ediciones Macchi
Date of production, publication, distribution, manufacture, or copyright notice 1968
300 ## - PHYSICAL DESCRIPTION
Extent 714 p.
Dimensions 23 cm.
505 ## - FORMATTED CONTENTS NOTE
Formatted contents note Parte I: Organización: 1. Que son las empresas y quiénes son los empresarios argentinos - 2. La organización: sus características (qué son las organizaciones) - 3. ¿Cómo se dirigen las organizaciones? - 4. La organización formal, la estructura de la empresa y los organigramas - 5. Los manuales - Parte II: Planeamiento y control patrimonial, económico y financiero de la empresa: 1. El planeamiento patrimonial, económico y financiero a largo plazo - 2. El planeamiento patrimonial, económico y financiero a corto plazo - 3. Control superior - 4. Evaluación periódica de la empresa - Parte III: El control operativo: 1. El concepto de auditoría operativa - 2. Aspectos y sectores de la empresa sujetos a revisión - 3. Forma de actuar del auditor - 4. Aplicación en el tiempo de la auditoría operativa - 5. Un programa de auditoría integrado - 6. El equipo de auditores - 7. Cuestionarios para los aspectos a investigar - 8. Análisis integral de la empresa realizado por el American Institute of Management - Parte IV: El control de sistemas: 1. Aspectos generales - 2. Circuitos relacionados con las operaciones de ingreso y egreso de valores - 3. Circuitos relacionados con las operaciones de compra
590 ## - LOCAL NOTE (RLIN)
Local note niveau_biblio:m niveau_hierar:0
700 1# - ADDED ENTRY--PERSONAL NAME
Personal name Krasuk, Jorge L.
700 1# - ADDED ENTRY--PERSONAL NAME
Personal name López Cascante, Jesús D.
700 1# - ADDED ENTRY--PERSONAL NAME
Personal name Magdalena, Fernando
942 ## - ADDED ENTRY ELEMENTS (KOHA)
Koha item type
Existencias
Withdrawn status Lost status Damaged status Not for loan Home library Current library Shelving location Date acquired Total checkouts Full call number Barcode Date last seen Price effective from Koha item type
        Biblioteca Prof. Eusebio Cleto del Rey Biblioteca Prof. Eusebio Cleto del Rey   07/04/2026   658 O68 2ed. L21476 07/04/2026 07/04/2026 Libro
        Biblioteca Prof. Eusebio Cleto del Rey Biblioteca Prof. Eusebio Cleto del Rey   07/04/2026   658 O68 2ed. L21472 07/04/2026 07/04/2026 Libro
        Biblioteca Prof. Eusebio Cleto del Rey Biblioteca Prof. Eusebio Cleto del Rey   07/04/2026   658 O68 2ed. L26845 07/04/2026 07/04/2026 Libro
        Biblioteca Prof. Eusebio Cleto del Rey Biblioteca Prof. Eusebio Cleto del Rey   07/04/2026   658 O68 2ed. L21474 07/04/2026 07/04/2026 Libro
        Biblioteca Prof. Eusebio Cleto del Rey Biblioteca Prof. Eusebio Cleto del Rey   07/04/2026   658 O68 2ed. L21473 07/04/2026 07/04/2026 Libro
        Biblioteca Prof. Eusebio Cleto del Rey Biblioteca Prof. Eusebio Cleto del Rey   07/04/2026   658 O68 2ed. L26847 07/04/2026 07/04/2026 Libro